call of duty zombies bo3 maps ranked - Statistics

General Stats
  • This quiz has been taken 63 times
  • The average score is 4 of 6
Answer Stats
Hint Answer % Correct
5 shadows of evil
96%
2 der eisendrache
83%
6 the giant
81%
1 gorod krovi
79%
3 revelations
75%
4 zestubou no shima
2%
No matching quizzes found
Score Distribution
Percent of People with Each Score
Percentile by Number Answered
Your Score History
You have not taken this quiz